| 000 | 01058nam a22002537a 4500 | ||
|---|---|---|---|
| 005 | 20170124103039.0 | ||
| 010 | _aA-702527 | ||
| 020 | _c40.00 | ||
| 035 | _aA-702527 | ||
| 037 | _bCen Lib/Ret | ||
| 040 |
_aDPL _bHN |
||
| 082 |
_aक _bरिज़वी |
||
| 100 |
_aरिज़वी, बादशाह हुसैन _96739 |
||
| 245 |
_aपीड़ा गनेसिया की / _cबादशाह हुसैन रिज़व |
||
| 246 |
_aPeeda ganesiya ki / _bby Badshah Hussain Rizvi |
||
| 260 |
_aदिल्ली _bसुनील साहित्य सदन _c1994 |
||
| 270 |
_bदिल्ली _aए-101, उत्तरी घोडा _e110053 |
||
| 300 |
_a102पृ. _c18सेमी (सजिल्द) |
||
| 650 |
_a हिन्दी साहित्य _966697 |
||
| 650 |
_a हिन्दी साहित्य -- कहानियां _966698 |
||
| 650 |
_aHindi literature _966699 |
||
| 650 |
_aHindi literature -- Stories _966700 |
||
| 942 |
_2ddc _cHN _hक _mरिज़वी |
||
| 999 |
_c116472 _d116472 |
||